| 000 | 01422nam a22002297a 4500 | ||
|---|---|---|---|
| 005 | 20240305165344.0 | ||
| 008 | 110826t2011 cl |||||s|||| 00| 0 spa d | ||
| 020 | _a978-956-10-1488-6 | ||
| 035 | _a5485 | ||
| 040 | _avLex | ||
| 090 |
_c2277 _d2277 |
||
| 100 | 1 | _aVial del Río, Víctor | |
| 245 | 1 | 0 |
_aTeoría general del acto jurídico _cVíctor Vial del Río _h[Recurso electrónico] / |
| 256 | _aServicio en línea. | ||
| 260 |
_a[Chile] : _bEditorial juríadica de Chile, _c2010. |
||
| 500 | _aCon singular maestría, rigor científico y lucidez esta obra aborda una materia de importancia fundamental para la ciencia del Derecho y para la formación jurídica de los abogados. Se destaca por la objetividad de los planteamientos para abordar temas clásicos como la voluntad, el objeto, la causa, los efectos, la ineficacia y las modalidades de los actos jurídicos, desde una perspectiva original al amparo de una renovada bibliografía. | ||
| 506 | 1 |
_aContenido solo disponible en los productos indicados _dvLex Global _dvLex Global (Academic Edition, excluding Law Schools) _dvLex Global (U.S. Academic Edition, Law Schools) _dvLex Global (U.S. Academic Edition, excluding Law Schools) _dvLex Global (Academic Edition, Law Schools) |
|
| 650 | 0 | 4 | _aHecho jurídico |
| 740 | 0 | _avLex Libros (Servicio en línea) | |
| 856 | 4 | 0 | _uhttps://app.vlex.com/#/sources/teoria-general-acto-juridico-5485 |
| 942 | _cRAA | ||
| 999 |
_c160708 _d160708 |
||